| 000 | 00791nam a22002537a 4500 | ||
|---|---|---|---|
| 003 | CHAP | ||
| 005 | 20220329134842.0 | ||
| 008 | 971013s r 00010 d | ||
| 010 | _a26938 | ||
| 011 | _a27910 | ||
| 035 | _a32011 | ||
| 040 | _cCHAP | ||
| 090 | _aR-620 | ||
| 100 | 0 | 0 |
_aLa Rue, Carl D. _964247 |
| 245 | _aCell outgrowths from wounden surfaces of plants in damp atmospheres | ||
| 500 | _aSobretiro de : Papers of the Michigan Academy of Science, Arts and Letters. 22:123-139, 1937 | ||
| 590 |
_aBATCH-UPD _b10 _c20130110 _lUCH01 _h0202 |
||
| 590 |
_aBATCH-UPD _b10 _c20130110 _lUCH01 _h2255 |
||
| 590 |
_aCONVERSION _b10 _c20130109 _lUCH01 _h1315 |
||
| 650 | 1 | 4 |
_aHeridas en plantas. _953735 |
| 901 | _aBK | ||
| 942 | _cREIMP | ||
| 949 |
_aR-620 _bBC _cR _d-74118 _eTS1 _i32011 _si |
||
| 999 |
_c26938 _d26938 |
||